00699nam a2200205 a 450000100100000000500170001000800410002704000250006808200160009310000180010924501570012725000110028426000350029530000210033049000310035150000270038270000220040970000310043183000310046200001861820200929165830.0100512s1960 cu r 000 f spa d aDO-SdBNPbspacBNPHU axxxxbH587t1 aHessen, Johan13aTeoría del conocimiento. /cJ. Hessen ; prólogo especial para esta edición por Francisco Romero traducción directa del alemán por José Gaos. a5a ed. aBuenos Aires :bLosada,c1960. a503 p. ;c18 cm.1 aBiblioteca contemporánea aTraducido del alemán1 aGaos, Joséetr.1 aRomero, Franciscoepról. 0aBiblioteca contemporánea